Top 10 Girl Names Ending in 'A' per Decade Quiz Stats

 Plays Quiz Updated May 4, 2016

Challenge
Share
Tweet
Embed
Score 0/130 Timer 10:00
1 Play Today
Decade Name % Correct
1880sAnna
90.6%
1890sAnna
90.6%
1900sAnna
90.6%
1910sAnna
90.6%
1920sAnna
90.6%
1930sAnna
90.6%
1980sSara
76.5%
1880sLaura
72.2%
1890sLaura
72.2%
1960sLaura
72.2%
1970sLaura
72.2%
1980sLaura
72.2%
1880sEmma
72.1%
1890sEmma
72.1%
1900sEmma
72.1%
1910sEmma
72.1%
2000sEmma
72.1%
1970sAmanda
63.9%
1980sAmanda
63.9%
1990sAmanda
63.9%
2000sOlivia
63.2%
1960sLisa
62.7%
1970sLisa
62.7%
1980sLisa
62.7%
1880sElla
62.7%
1890sElla
62.6%
1910sJulia
62%
1970sJessica
61.8%
1980sJessica
61.8%
1990sJessica
61.8%
2000sJessica
61.8%
1940sLinda
60.3%
1950sLinda
60.3%
1960sLinda
60.3%
1970sChristina
59.7%
1980sChristina
59.7%
2000sIsabella
59.6%
1920sPatricia
56.7%
1930sPatricia
56.7%
1940sPatricia
56.7%
1950sPatricia
56.7%
1960sPatricia
56.7%
2000sAva
55.7%
1990sVictoria
55.7%
Decade Name % Correct
1920sBarbara
54.9%
1930sBarbara
54.9%
1940sBarbara
54.9%
1950sBarbara
54.9%
1960sBarbara
54.9%
1950sRebecca
54.1%
1970sRebecca
54.1%
1980sRebecca
54.1%
1990sRebecca
54.1%
2000sSophia
54.1%
1970sMelissa
53.3%
1980sMelissa
53.3%
1990sMelissa
53.3%
1930sDonna
52.9%
1940sDonna
52.9%
1950sDonna
52.9%
1960sDonna
52.9%
1980sSamantha
52.4%
1990sSamantha
52.4%
2000sSamantha
52.4%
1890sEva
51.6%
1900sEva
51.6%
1910sEva
51.6%
1880sClara
50.5%
1890sClara
50.5%
1900sClara
50.5%
1910sClara
50.5%
1970sTina
50.4%
1930sSandra
49.5%
1940sSandra
49.5%
1950sSandra
49.5%
1960sSandra
49.5%
1970sAngela
49%
1980sAngela
49%
1880sMartha
48.3%
1890sMartha
48.3%
1900sMartha
48.3%
1910sMartha
48.3%
1920sMartha
48.3%
1930sMartha
48.3%
1940sMartha
48.3%
1940sBrenda
47%
1950sBrenda
47%
1960sBrenda
47%
Decade Name % Correct
2000sKayla
46.7%
1880sCora
46%
1970sAndrea
44.9%
1950sDebra
44.5%
1990sAlyssa
42.9%
2000sAlyssa
42.9%
1940sPamela
42.2%
1950sPamela
42.2%
1960sPamela
42.2%
1990sBrianna
41.9%
2000sBrianna
41.9%
1990sAlexandra
41.9%
1880sBertha
39.8%
1890sBertha
39.8%
1900sBertha
39.8%
1910sBertha
39.8%
1930sWanda
39.7%
1990sKayla
39%
1920sGloria
38.5%
1930sGloria
38.5%
1940sGloria
38.5%
1920sRita
38.4%
1880sEdna
37.7%
1890sEdna
37.7%
1900sEdna
37.7%
1910sEdna
37.7%
1920sEdna
37.7%
1910sVirginia
36.1%
1920sVirginia
36.1%
1930sVirginia
36.1%
1940sVirginia
36.1%
1950sCynthia
34.2%
1960sCynthia
34.2%
1880sIda
33.4%
1890sIda
33.4%
1900sIda
33.4%
1920sNorma
25.4%
1930sNorma
25.4%
1900sThelma
24.1%
1910sThelma
24.1%
1920sThelma
24.1%
1900sViola
23.3%

You're not logged in!

Compare scores with friends on all Sporcle quizzes.
OR
Log In

You Might Also Like...

Show Comments

Extras

Top Quizzes Today


Score Distribution

Your Account Isn't Verified!

In order to create a playlist on Sporcle, you need to verify the email address you used during registration. Go to your Sporcle Settings to finish the process.

Report this User

Report this user for behavior that violates our Community Guidelines.

Details: